| 000 | 01099nac a22002771u 4500 | ||
|---|---|---|---|
| 010 | _a 91019245 | ||
| 020 | _a0691036063 (acid-free paper) : | ||
| 022 | _a9774243226 | ||
| 082 | 0 | 0 |
_a303.4826205694 _bRED |
| 090 |
_c5556 _d5556 |
||
| 100 | _aRedford, Donald B. | ||
| 245 | 1 | 0 |
_aEgypt, Canaan, and Israel in ancient times / _cDonald B. Redford. |
| 260 |
_aPrinceton, N.J. : _bPrinceton University Press,c1992. _cc1992. |
||
| 300 |
_axxiii, 488 p. : _bill., maps ; _c25 cm. |
||
| 500 | _aFirst Published In Egypt. | ||
| 500 | _aDistributer : Al-Ahram. | ||
| 504 | _aIncludes bibliographical references and index. | ||
| 511 | _aCatalogued By : Mahitab. | ||
| 651 | 0 |
_aEgypt _xRelations _zPalestine. |
|
| 651 | 0 |
_aPalestine _xRelations _zEgypt. |
|
| 651 | 0 |
_aEgypt _xHistory _yTo 332 B.C. |
|
| 651 | 0 |
_aPalestine _xHistory _yTo 70 A.D. |
|
| 856 | 4 | 2 |
_3Publisher description _uhttp://www.loc.gov/catdir/description/prin031/91019245.html |
| 856 | 4 | 2 |
_3Table of contents _uhttp://www.loc.gov/catdir/toc/prin031/91019245.html |
| 942 |
_cBB _k303.4826205694RED |
||
| 999 |
_c5556 _d5556 |
||